| 000 | 00935nam a22003017a 4500 | ||
|---|---|---|---|
| 003 | CHAP | ||
| 005 | 20220329134919.0 | ||
| 008 | 971013s1977 r 00010 d | ||
| 010 | _a27980 | ||
| 011 | _a28952 | ||
| 035 | _a33063 | ||
| 040 | _cCHAP | ||
| 082 |
_a519.536 _bK5 |
||
| 100 | 0 | 0 |
_aKleinbaum, David G. _963442 |
| 245 | _aApplied regression analysis and other multicariable methods | ||
| 260 |
_aNorth Scituate, Mass. : _bDuxbury, _c1977 |
||
| 300 | _a556 p. | ||
| 590 |
_aBATCH-UPD _b10 _c20130110 _lUCH01 _h1739 |
||
| 590 |
_aBATCH-UPD _b10 _c20130410 _lUCH01 _h1118 |
||
| 590 |
_aBATCH-UPD _b10 _c20130914 _lUCH01 _h0345 |
||
| 590 |
_aCONVERSION _b10 _c20130109 _lUCH01 _h1316 |
||
| 650 | 1 | 4 |
_aAnálisis de regresión. _95974 |
| 650 | 1 | 4 |
_aAnálisis multivariado. _95990 |
| 700 | 0 |
_aKupper, Lvirence L. _964104 |
|
| 901 | _aBK | ||
| 942 | _cLIBRO | ||
| 949 |
_a519.536 K5 _bBC _cLIBRO _d33724000776886 _eLIBRO _h23405 _i33063 _si |
||
| 999 |
_c27980 _d27980 |
||